LEADER 01372nam a2200325 a 4500 001 000000140747 003 CaOOAMICUS 005 20141203142301.0 008 141203s2014 it u000 u ita r 020 $a978-88-10-82108-4 040 $aPUL$bita 041 1 $aita$agrc$hgrc 082 04$a222 130 0 $aBiblia.$pN.T.$pPauli epistolae.$lItaliano e greco.$0(OLS)http://pul/title/158617 245 10$aLettere di Paolo :$btraduzione interlineare in italiano /$ca cura di Roberto Reggi. 260 $aBologna :$bEDB,$c©2014. 300 $a200 p. ;$c24 cm 490 1 $aTraduzione Interlineare Italiana 546 $aTesto greco con trad. italiana interlineare. 630 04$aBiblia.$pN.T.$pPauli epistolae.$0(OLS)http://pul/subject/37973 700 1 $aReggi, Roberto.$0(OLS)http://pul/name/30773 830 0$aTraduzione Interlineare Italiana.$0(OLS)http://pul/title/139830 850 $aPUL 852 $aPUL$W1$xSL Religione 3$y85$m222 REGRO 16$j162525$qDDC 21$B162108$CPULBib$Z2$F162108 $H125042 $82 941 1 $a9 996 $6020$a978-88-10-82108-4$9(OLS)http://pul/number/156422 996 $6082$a222$9(OLS)http://pul/classification/563 996 $6245$aLettere di Paolo :$btraduzione interlineare in italiano$9(OLS)http://pul/title/178087 996 $6260$aBologna :$bEDB$9(OLS)http://pul/publisher/56073 LEADER 01196nam a2200277 a 4500 001 000000167899 003 CaOOAMICUS 005 20180524164102.0 008 180524s1981 it u000 u ita r 032 $aLibriCat 040 $aPUL$bita 041 $aita$hger 100 1 $aBurkert, Walter,$d1931-$0(OLS)http://pul/name/1588 240 10$aHomo necans : $bInterpretationen altgriechischer Opferriten und Mythen.$lItaliano.$0(OLS)http://pul/title/208036 245 10$aHomo necans : $bantropologia del sacrificio cruento nella Grecia antica / $cWalter Burkert. 260 $aTorino :$bBoringhieri,$c©1981. 300 $a304 p. ;$c24 cm . 490 1 $aSocietą antiche 650 4$aAntropologia$xStoria.$0(OLS)http://pul/subject/11555 830 0$aSocietą antiche.$0(OLS)http://pul/title/208035 850 $aPUL 852 $aPUL$W1$xDP1 Fondo Dalla Palma$y117$m3 G 16$j166712$qFondi$B195673$CPULBib$Z2$F195673 $HDal234 $81 941 1 $a1 996 $6245$aHomo necans : $bantropologia del sacrificio cruento nella Grecia antica / $9(OLS)http://pul/title/208034 996 $6260$aTorino :$bBoringhieri$9(OLS)http://pul/publisher/48095